Top 25 Websites - Statistiken

Allgemein
  • Dieses Quiz wurde 172 mal gespielt
  • Das Durchschnittsergebnis liegt bei 9 aus 25
Antwortstatistiken
Antwort % Korrekt
google.com
94%
instagram.com
85%
youtube.com
82%
facebook.com
75%
amazon.com
69%
pornhub.com
69%
twitter.com
68%
tiktok.com
57%
wikipedia.org
57%
yahoo.com
47%
bing.com
44%
netflix.com
41%
whatsapp.com
41%
reddit.com
34%
linkedin.com
15%
xvideos.com
13%
xnxx.com
11%
openai.com
8%
live.com
6%
office.com
6%
yandex.ru
5%
baidu.com
4%
docomo.ne.jp
2%
dzen.ru
2%
yahoo.co.jp
0%
Keine übereinstimmenden Quizze gefunden
Verteilung der Resultate
Anzahl Personen mit jedem Resultat
Perzentil nach korrekt beantworteten Fragen
Ihre Resultats-Entwicklung
Sie haben dieses Quiz noch nicht gespielt